[Event "Caracas 12"]
[Site "Caracas"]
[Date "2014.12.11"]
[Round "2"]
[White "Ravelo Gil, Eddy"]
[Black "Gascon del Nogal, Jose Rafael"]
[Result "1-0"]
[WhiteElo "2398"]
[BlackElo "2369"]
[PlyCount "79"]
[EventDate "2014.12.10"]
[EventType "tourn"]
[EventRounds "9"]
[EventCountry "VEN"]
[EventCategory "3"]
[SourceTitle "EXT 2016"]
[Source "ChessBase"]
[SourceDate "2015.10.08"]
[SourceVersion "1"]
[SourceVersionDate "2015.10.08"]
[SourceQuality "1"]

1. d4 Nf6 2. c4 g6 3. Nc3 Bg7 4. e4 0-0 5. f4 d6 6. Nf3 c5 7. d5 e6 8. Be2 exd5 9. cxd5 Bg4 10. 0-0 Nbd7 11. Re1 Re8 12. h3 Bxf3 13. Bxf3 Qa5 14. Be3 b5 15. a3 Nb6 16. e5 Nc4 17. exf6 Nxe3 18. Rxe3 Rxe3 19. fxg7 Rae8 20. Qd2 b4 21. Nd1 Re1+ 22. Kf2 R1e7 23. Rc1 Qb6 24. axb4 cxb4+ 25. Kg3 a5 26. Rc6 Qb8 27. Qd4 f5 28. b3 Rxg7 29. Qf6 a4 30. bxa4 b3 31. a5 Qb4 32. Qc3 Qa4 33. Nb2 Qa1 34. Rxd6 g5 35. Re6 gxf4+ 36. Kh2 Rd8 37. d6 h5 38. Bd5 Kh7 39. Qf6 Rxg2+ 40. Bxg2 1-0

[Event "Caracas Hernandez Cup"]
[Site "Caracas"]
[Date "2014.10.09"]
[Round "3"]
[White "Ravelo Gil, Eddy"]
[Black "Puntier Andujar, William Staling"]
[Result "0-1"]
[WhiteElo "2409"]
[BlackElo "2306"]
[PlyCount "54"]
[EventDate "2014.10.08"]
[EventType "swiss"]
[EventRounds "9"]
[EventCountry "VEN"]
[SourceTitle "EXT 2016"]
[Source "ChessBase"]
[SourceDate "2015.10.08"]
[SourceVersion "1"]
[SourceVersionDate "2015.10.08"]
[SourceQuality "1"]

1. d4 Nf6 2. c4 c5 3. d5 e6 4. Nc3 exd5 5. cxd5 d6 6. e4 g6 7. f4 Bg7 8. e5 Nfd7 9. exd6 0-0 10. Nf3 Nf6 11. Be2 Ne8 12. 0-0 Nxd6 13. Be3 Nd7 14. Kh1 Qa5 15. Nd2 Bxc3 16. Nb3 Qd8 17. bxc3 b6 18. c4 Nf6 19. Bc1 Nf5 20. Bd3 Re8 21. Bxf5 Bxf5 22. Bb2 Ng4 23. Qd2 Qh4 24. h3 Re3 25. Rae1 Rae8 26. Rxe3 Rxe3 27. Kg1 Be4 0-1

[Event "Caracas Metro 2nd"]
[Site "Caracas"]
[Date "2014.04.12"]
[Round "9"]
[White "Palomo, Franklin Annervys"]
[Black "Ravelo Gil, Eddy"]
[Result "0-1"]
[WhiteElo "2242"]
[BlackElo "2401"]
[PlyCount "70"]
[EventDate "2014.04.08"]
[EventType "tourn"]
[EventRounds "9"]
[EventCountry "VEN"]
[EventCategory "1"]
[SourceTitle "EXT 2016"]
[Source "ChessBase"]
[SourceDate "2015.10.08"]
[SourceVersion "1"]
[SourceVersionDate "2015.10.08"]
[SourceQuality "1"]

1. d4 Nf6 2. c4 g6 3. Nc3 Bg7 4. e4 d6 5. Nf3 0-0 6. Be2 e5 7. 0-0 Nc6 8. d5 Ne7 9. Ne1 Nd7 10. Be3 f5 11. f3 f4 12. Bf2 g5 13. Nd3 Nf6 14. c5 Ng6 15. cxd6 cxd6 16. Nb5 g4 17. Kh1 Rf7 18. Rc1 h5 19. a4 g3 20. hxg3 fxg3 21. Bxg3 h4 22. Bh2 Nh5 23. Qd2 Ng3+ 24. Kg1 Nxf1 25. Rxf1 Bd7 26. Kh1 Bxb5 27. axb5 Kh7 28. f4 Bh6 29. Bg4 exf4 30. Bf5 Qf8 31. Bxg6+ Kxg6 32. Qe2 Kh7 33. Qh5 Re8 34. Nxf4 Qg7 35. Qxh4 Rxe4 0-1

[Event "Caracas Metro 2nd"]
[Site "Caracas"]
[Date "2014.04.09"]
[Round "3"]
[White "Corado Paz Castillo, Rafael"]
[Black "Ravelo Gil, Eddy"]
[Result "1/2-1/2"]
[WhiteElo "2223"]
[BlackElo "2401"]
[PlyCount "42"]
[EventDate "2014.04.08"]
[EventType "tourn"]
[EventRounds "9"]
[EventCountry "VEN"]
[EventCategory "1"]
[SourceTitle "EXT 2016"]
[Source "ChessBase"]
[SourceDate "2015.10.08"]
[SourceVersion "1"]
[SourceVersionDate "2015.10.08"]
[SourceQuality "1"]

1. e4 Nc6 2. Nf3 e5 3. Bc4 Nf6 4. d3 Be7 5. Nc3 d6 6. a3 0-0 7. Be3 Kh8 8. h3 Nd7 9. Nd5 Nb6 10. Nxe7 Qxe7 11. Ba2 f5 12. exf5 Bxf5 13. Qe2 Rae8 14. 0-0-0 Be6 15. Bxe6 Qxe6 16. Kb1 Nd5 17. Ng5 Qf5 18. Ne4 h6 19. g4 Qf3 20. Qd2 Nxe3 21. fxe3 d5 1/2-1/2

[Event "Caracas Metro 2nd"]
[Site "Caracas"]
[Date "2014.04.09"]
[Round "2"]
[White "Ravelo Gil, Eddy"]
[Black "Gascon del Nogal, Jose Rafael"]
[Result "1-0"]
[WhiteElo "2401"]
[BlackElo "2323"]
[PlyCount "61"]
[EventDate "2014.04.08"]
[EventType "tourn"]
[EventRounds "9"]
[EventCountry "VEN"]
[EventCategory "1"]
[SourceTitle "EXT 2016"]
[Source "ChessBase"]
[SourceDate "2015.10.08"]
[SourceVersion "1"]
[SourceVersionDate "2015.10.08"]
[SourceQuality "1"]

1. d4 Nf6 2. c4 g6 3. Nc3 Bg7 4. e4 0-0 5. f3 c5 6. dxc5 b6 7. cxb6 Qxb6 8. Qb3 Qc5 9. Qb5 Qc7 10. Be3 Nc6 11. Qa4 Rb8 12. Qc2 d5 13. cxd5 Nb4 14. Qd2 Nfxd5 15. Nxd5 Nxd5 16. Rc1 Qxc1+ 17. Qxc1 Bxb2 18. Qc5 Bc3+ 19. Kf2 Rb1 20. Bd3 Be1+ 21. Ke2 Ba6 22. Qxd5 Rc8 23. f4 e6 24. Qd7 Rc2+ 25. Kf3 Bh4 26. Qe8+ Kg7 27. Bd4+ e5 28. Qxe5+ f6 29. Qe7+ Kg8 30. Bxa6 Rf1+ 31. Bxf1 1-0

[Event "Caracas Miranda Memorial"]
[Site "Caracas"]
[Date "2013.04.06"]
[Round "5"]
[White "Ravelo Gil, Eddy"]
[Black "Marichal Gonzalez, Ariel"]
[Result "1/2-1/2"]
[WhiteElo "2414"]
[BlackElo "2295"]
[PlyCount "30"]
[EventDate "2013.04.03"]
[EventType "tourn"]
[EventRounds "9"]
[EventCountry "VEN"]
[SourceTitle "EXT 2018"]
[Source "ChessBase"]
[SourceDate "2017.10.13"]
[SourceVersion "1"]
[SourceVersionDate "2017.10.13"]
[SourceQuality "1"]

1. d4 Nf6 2. c4 d6 3. Nf3 Nbd7 4. Nc3 e5 5. e4 g6 6. Be2 Bg7 7. 0-0 0-0 8. Re1 Re8 9. Bf1 exd4 10. Nxd4 Nc5 11. f3 a5 12. Be3 Nh5 13. g4 Nf6 14. Kh1 c6 15. Qd2 Nfd7 1/2-1/2

[Event "Caracas Miranda Memorial"]
[Site "Caracas"]
[Date "2013.04.06"]
[Round "7"]
[White "Teran Abreu, Lisyender Jesus"]
[Black "Ravelo Gil, Eddy"]
[Result "0-1"]
[WhiteElo "2121"]
[BlackElo "2414"]
[PlyCount "88"]
[EventDate "2013.04.03"]
[EventType "tourn"]
[EventRounds "9"]
[EventCountry "VEN"]
[SourceTitle "EXT 2018"]
[Source "ChessBase"]
[SourceDate "2017.10.13"]
[SourceVersion "1"]
[SourceVersionDate "2017.10.13"]
[SourceQuality "1"]

1. e4 e5 2. Bc4 Nf6 3. d3 Nc6 4. Nf3 Be7 5. c3 0-0 6. Bb3 d6 7. Nbd2 Na5 8. Bc2 c5 9. Nf1 Nc6 10. Ng3 Re8 11. 0-0 h6 12. Re1 Bf8 13. h3 d5 14. Qe2 d4 15. a3 a6 16. c4 g6 17. Bd2 b5 18. b3 Be6 19. Rab1 Rb8 20. Nh2 Qc7 21. Qf1 Nd7 22. f4 exf4 23. Bxf4 Nde5 24. Ne2 Qa5 25. Nf3 Bg7 26. b4 Qxa3 27. Ra1 Qb2 28. Reb1 Qxc2 29. Ne1 Qxb1 30. Rxb1 bxc4 31. dxc4 Bxc4 32. Qf2 Rxb4 33. Rxb4 cxb4 34. Nc1 b3 35. Qd2 Rb8 36. Ned3 Nxd3 37. Nxd3 Rb5 38. Nb2 Be6 39. Qc1 Ne5 40. Bxh6 Bxh6 41. Qxh6 Nc4 42. Qc1 Nxb2 43. Qxb2 a5 44. e5 Rb8 0-1

[Event "Caracas Miranda Memorial"]
[Site "Caracas"]
[Date "2013.04.04"]
[Round "3"]
[White "Ravelo Gil, Eddy"]
[Black "Boada Gomez, Wiston Esmir"]
[Result "1-0"]
[WhiteElo "2414"]
[BlackElo "2249"]
[PlyCount "111"]
[EventDate "2013.04.03"]
[EventType "tourn"]
[EventRounds "9"]
[EventCountry "VEN"]
[SourceTitle "EXT 2018"]
[Source "ChessBase"]
[SourceDate "2017.10.13"]
[SourceVersion "1"]
[SourceVersionDate "2017.10.13"]
[SourceQuality "1"]

1. d4 Nf6 2. g3 g6 3. Bg2 Bg7 4. e4 d6 5. Ne2 0-0 6. Nbc3 Nc6 7. h3 e5 8. Be3 Nd7 9. Qd2 Nb6 10. b3 exd4 11. Nxd4 Qf6 12. Nce2 Nxd4 13. Bxd4 Qe7 14. 0-0 Bd7 15. a4 Bxd4 16. Nxd4 Rad8 17. a5 Nc8 18. Rfe1 c5 19. Ne2 Bc6 20. Nf4 Qe5 21. Rad1 Rfe8 22. h4 b5 23. b4 cxb4 24. Nd3 Qc3 25. Nxb4 Qxd2 26. Rxd2 Bb7 27. e5 Bxg2 28. Kxg2 f6 29. Nd5 dxe5 30. Nxf6+ Kf7 31. Rxd8 Rxd8 32. Nxh7 Rd5 33. Ng5+ Kf6 34. Ne4+ Kf5 35. Kf3 Nd6 36. g4+ Ke6 37. h5 Nxe4 38. Rxe4 Rc5 39. Kg3 gxh5 40. gxh5 Kf5 41. Rg4 Rxc2 42. h6 Rc8 43. h7 Rh8 44. Rg7 b4 45. Rxa7 b3 46. Rb7 b2 47. Rxb2 Rxh7 48. Ra2 e4 49. a6 Rg7+ 50. Kh3 Ra7 51. Kg2 Kf4 52. Kf1 e3 53. Ra4+ Kf3 54. Ra3 Kf4 55. fxe3+ Kf3 56. Ke1 1-0

[Event "Caracas Miranda Memorial"]
[Site "Caracas"]
[Date "2013.04.03"]
[Round "2"]
[White "Merritt, Mario"]
[Black "Ravelo Gil, Eddy"]
[Result "0-1"]
[WhiteElo "2083"]
[BlackElo "2414"]
[PlyCount "82"]
[EventDate "2013.04.03"]
[EventType "tourn"]
[EventRounds "9"]
[EventCountry "VEN"]
[SourceTitle "EXT 2018"]
[Source "ChessBase"]
[SourceDate "2017.10.13"]
[SourceVersion "1"]
[SourceVersionDate "2017.10.13"]
[SourceQuality "1"]

1. c4 g6 2. g3 Bg7 3. Bg2 c5 4. Nc3 Nh6 5. Nf3 Nf5 6. h4 h5 7. a3 Nc6 8. Rb1 0-0 9. b4 d6 10. Nd5 e6 11. Nf4 Rb8 12. Ng5 Bd7 13. b5 Ne5 14. d3 Qa5+ 15. Kf1 Ng4 16. Bf3 Ne5 17. Bg2 Qc7 18. Be4 Nh6 19. a4 Rbd8 20. Qb3 b6 21. Bb2 Bc8 22. Bg2 Bb7 23. e4 Rfe8 24. Ke2 d5 25. Rhd1 dxc4 26. dxc4 Nhg4 27. f3 Nh6 28. Kf2 Bc8 29. Bh3 Rxd1 30. Rxd1 Rd8 31. Bf1 Rxd1 32. Qxd1 Neg4+ 33. fxg4 Nxg4+ 34. Kf3 Bxb2 35. Bh3 Qd7 36. Qxd7 Bxd7 37. Bf1 Bc8 38. Be2 Ne5+ 39. Kg2 Bd4 40. Nd3 Nxc4 41. Nxc5 Ne3+ 0-1

[Event "Barquisimeto Divina Pastora"]
[Site "Barquisimeto"]
[Date "2013.01.10"]
[Round "3"]
[White "Ravelo Gil, Eddy"]
[Black "Corado Paz Castillo, Rafael"]
[Result "1/2-1/2"]
[WhiteElo "2408"]
[BlackElo "2152"]
[PlyCount "106"]
[EventDate "2013.01.09"]
[EventType "tourn"]
[EventRounds "9"]
[EventCountry "VEN"]
[EventCategory "1"]
[SourceTitle "EXT 2014"]
[Source "ChessBase"]
[SourceDate "2013.11.20"]
[SourceVersion "1"]
[SourceVersionDate "2013.11.20"]
[SourceQuality "1"]

1. d4 Nf6 2. c4 c5 3. d5 b5 4. cxb5 a6 5. b6 Qxb6 6. Nc3 d6 7. a4 g6 8. a5 Qb4 9. Ra4 Qb7 10. Ra3 Bd7 11. e4 Bg7 12. Nf3 0-0 13. Nd2 e6 14. Nc4 exd5 15. Nxd6 Qc6 16. e5 d4 17. exf6 Qxd6 18. fxg7 Re8+ 19. Be2 Qe5 20. f4 Qxg7 21. Kf2 dxc3 22. Rxc3 Bb5 23. Bxb5 axb5 24. Rxc5 Rxa5 25. Re1 Rf8 26. Qd6 Ra6 27. Qd3 b4 28. Re4 Qf6 29. Rxb4 Rd6 30. Rd5 Qh4+ 31. Kf1 Rxd5 32. Qxd5 Rd8 33. Qf3 Nc6 34. Re4 Qxh2 35. Be3 Qh4 36. Bf2 Qf6 37. Qe2 Rb8 38. Re8+ Rxe8 39. Qxe8+ Kg7 40. Qe4 Qe6 41. Qxe6 fxe6 42. Ke2 Kf6 43. Kf3 e5 44. Ke4 exf4 45. Kxf4 g5+ 46. Ke4 Ke6 47. Be3 Kf6 48. Bc5 Ke6 49. b4 h5 50. b5 Na5 51. Be3 Nc4 52. b6 h4 53. Bf2 g4 1/2-1/2

[Event "Bachaquero op"]
[Site "Bachaquero"]
[Date "2012.11.17"]
[Round "6"]
[White "Ravelo Gil, Eddy"]
[Black "Mendoza, Gustavo"]
[Result "1/2-1/2"]
[WhiteElo "2402"]
[BlackElo "2145"]
[PlyCount "27"]
[EventDate "2012.11.15"]
[EventType "swiss"]
[EventRounds "7"]
[EventCountry "VEN"]
[SourceTitle "EXT 2014"]
[Source "ChessBase"]
[SourceDate "2013.11.20"]
[SourceVersion "1"]
[SourceVersionDate "2013.11.20"]
[SourceQuality "1"]

1. d4 e6 2. g3 Nf6 3. c4 d5 4. Nf3 Be7 5. Bg2 0-0 6. Qc2 a6 7. 0-0 dxc4 8. Qxc4 b5 9. Qc2 Bb7 10. Bf4 Nc6 11. Rd1 Nb4 12. Qc1 Rc8 13. Nc3 Nbd5 14. Ne5 1/2-1/2

[Event "Guarenas Martinez Memorial"]
[Site "Guarenas"]
[Date "2012.10.30"]
[Round "9"]
[White "Ravelo Gil, Eddy"]
[Black "Pinero Salas, Carlos Julio"]
[Result "1-0"]
[WhiteElo "2397"]
[BlackElo "2163"]
[PlyCount "65"]
[EventDate "2012.10.25"]
[EventType "swiss"]
[EventRounds "9"]
[EventCountry "VEN"]
[SourceTitle "EXT 2013"]
[Source "ChessBase"]
[SourceDate "2012.11.22"]
[SourceVersion "1"]
[SourceVersionDate "2012.11.22"]
[SourceQuality "1"]

1. e4 c5 2. c3 Nf6 3. e5 Nd5 4. d4 cxd4 5. Nf3 e6 6. cxd4 b6 7. Bd3 Be7 8. Nc3 Nxc3 9. bxc3 Bb7 10. Bd2 Nc6 11. Qe2 Qc7 12. h4 h6 13. Rc1 Rc8 14. Rh3 Na5 15. c4 b5 16. c5 a6 17. Rg3 Bf8 18. Be4 Nc4 19. a4 Bc6 20. Rb1 g6 21. Bd3 Rb8 22. h5 g5 23. Bc3 Be7 24. Nh2 f5 25. exf6 Bxf6 26. Ng4 Bg7 27. Bg6+ Ke7 28. axb5 axb5 29. Be4 Qb7 30. d5 Bxc3+ 31. Rxc3 Bxd5 32. Rxc4 Bxc4 33. Qf3 1-0

[Event "Guarenas Martinez Memorial"]
[Site "Guarenas"]
[Date "2012.10.28"]
[Round "6"]
[White "Kjartansson, Gudmundur"]
[Black "Ravelo Gil, Eddy"]
[Result "0-1"]
[WhiteElo "2326"]
[BlackElo "2397"]
[PlyCount "106"]
[EventDate "2012.10.25"]
[EventType "swiss"]
[EventRounds "9"]
[EventCountry "VEN"]
[SourceTitle "EXT 2013"]
[Source "ChessBase"]
[SourceDate "2012.11.22"]
[SourceVersion "1"]
[SourceVersionDate "2012.11.22"]
[SourceQuality "1"]

1. d4 Nf6 2. c4 g6 3. Nc3 Bg7 4. e4 d6 5. h3 0-0 6. Bg5 Qe8 7. Bd3 e5 8. d5 h6 9. Be3 Nh5 10. Qd2 Nf4 11. Bxf4 exf4 12. Qxf4 Nd7 13. Qe3 Nc5 14. Bc2 f5 15. Nge2 fxe4 16. 0-0 Bf5 17. Ng3 Qe5 18. Rad1 Rae8 19. Rfe1 Qf6 20. Re2 Qh4 21. b4 Nd3 22. Ncxe4 Nf4 23. Red2 Be5 24. Nxf5 gxf5 25. Qg3+ Qxg3 26. Nxg3 Bc3 27. Bxf5 Bxd2 28. Rxd2 Ne2+ 29. Nxe2 Rxf5 30. f4 Rf7 31. Kf2 Re4 32. Rc2 b5 33. c5 Rxb4 34. cxd6 cxd6 35. g4 Rc4 36. Rd2 b4 37. f5 a5 38. Ke3 Re7+ 39. Kd3 Rc5 40. Nf4 a4 41. h4 Rb7 42. g5 b3 43. axb3 Rxb3+ 44. Ke2 hxg5 45. Ne6 Rcb5 46. Nd4 gxh4 47. Nxb5 Rxb5 48. Kf3 Ra5 49. Kg4 a3 50. Ra2 Ra4+ 51. Kg5 Kf7 52. f6 Ra5 53. Kxh4 Kxf6 0-1

[Event "San Cristobal Bolivar op 1st"]
[Site "San Cristobal"]
[Date "2012.09.27"]
[Round "4"]
[White "Dobrov, Vladimir"]
[Black "Ravelo Gil, Eddy"]
[Result "1-0"]
[WhiteElo "2481"]
[BlackElo "2397"]
[PlyCount "77"]
[EventDate "2012.09.25"]
[EventType "swiss"]
[EventRounds "10"]
[EventCountry "VEN"]
[SourceTitle "EXT 2013"]
[Source "ChessBase"]
[SourceDate "2012.11.22"]
[SourceVersion "1"]
[SourceVersionDate "2012.11.22"]
[SourceQuality "1"]

1. d4 Nf6 2. c4 g6 3. g3 Bg7 4. Bg2 d6 5. Nc3 0-0 6. Nf3 Nbd7 7. 0-0 e5 8. h3 Re8 9. e4 exd4 10. Nxd4 Nc5 11. Re1 a5 12. Qc2 c6 13. Be3 a4 14. Rad1 Qa5 15. Bf4 Bf8 16. Bd2 Qa6 17. b4 axb3 18. axb3 Nfd7 19. Kh2 Bg7 20. Bf4 Ne5 21. Be3 Qb6 22. f4 Ned7 23. Rb1 Qb4 24. Bd2 Qb6 25. Be3 Qb4 26. g4 Ra3 27. Ncb5 Na6 28. Nxa3 Qxa3 29. Ne2 Nf6 30. Bd4 Nc5 31. Bb2 Qb4 32. Bc3 Qb6 33. Ng3 h5 34. gxh5 Qd8 35. hxg6 fxg6 36. Bf3 Ne6 37. e5 dxe5 38. Bxe5 Qb6 39. Bxf6 1-0

[Event "San Cristobal Bolivar op 1st"]
[Site "San Cristobal"]
[Date "2012.09.25"]
[Round "1"]
[White "Ravelo Gil, Eddy"]
[Black "Narvaez Ramirez, Faber Alberto"]
[Result "1-0"]
[WhiteElo "2397"]
[BlackElo "2167"]
[PlyCount "89"]
[EventDate "2012.09.25"]
[EventType "swiss"]
[EventRounds "10"]
[EventCountry "VEN"]
[SourceTitle "EXT 2013"]
[Source "ChessBase"]
[SourceDate "2012.11.22"]
[SourceVersion "1"]
[SourceVersionDate "2012.11.22"]
[SourceQuality "1"]

1. d4 Nf6 2. c4 e6 3. Nc3 Bb4 4. Qb3 c5 5. dxc5 Bxc5 6. Nf3 Nc6 7. Bg5 0-0 8. e3 b6 9. Be2 Bb7 10. 0-0 Be7 11. Rfd1 a6 12. Na4 b5 13. cxb5 axb5 14. Bxb5 Nd5 15. Bxe7 Qxe7 16. e4 Nf4 17. Nb6 Rad8 18. Qe3 Ng6 19. a4 f5 20. exf5 Rxf5 21. Bxc6 Bxc6 22. Nd4 Qc5 23. Rac1 Qxb6 24. Nxf5 Qa6 25. Nd4 Bd5 26. Nb5 Bc6 27. Rd6 Rf8 28. Nd4 Nf4 29. Nxc6 dxc6 30. Re1 Qxa4 31. g3 Nd5 32. Qxe6+ Kh8 33. Rd8 Qb4 34. Rxf8+ Qxf8 35. Qxc6 Nf6 36. Ra1 Qf7 37. Ra8+ Ng8 38. Qe8 Qd5 39. Qxg8+ Qxg8 40. Rxg8+ Kxg8 41. Kg2 Kf7 42. Kf3 Ke6 43. Ke4 Kd6 44. f4 Kc5 45. g4 1-0

[Event "Maracaibo Perez Matheus"]
[Site "Maracaibo"]
[Date "2012.07.19"]
[Round "1.4"]
[White "Ravelo Gil, Eddy"]
[Black "Gonzalez, Sebastian"]
[Result "1-0"]
[WhiteElo "2394"]
[BlackElo "1823"]
[PlyCount "117"]
[EventDate "2012.07.19"]
[EventType "tourn"]
[EventRounds "11"]
[EventCountry "VEN"]
[SourceTitle "EXT 2022"]
[Source "ChessBase"]
[SourceDate "2021.10.06"]
[SourceVersion "1"]
[SourceVersionDate "2021.10.06"]
[SourceQuality "1"]

1. d4 d5 2. c4 e6 3. Nc3 Be7 4. cxd5 exd5 5. Bf4 Nf6 6. e3 c5 7. dxc5 Bxc5 8. Nf3 0-0 9. Be2 Nc6 10. 0-0 d4 11. Na4 b6 12. Nxc5 bxc5 13. exd4 Nxd4 14. Nxd4 cxd4 15. Be5 Bb7 16. Qxd4 Re8 17. Bb5 Qxd4 18. Bxd4 Re6 19. Rfe1 Rd6 20. Be5 Rb6 21. a4 Rc8 22. Bd4 Rd6 23. Bxa7 Rc2 24. Rad1 Rcd2 25. Rxd2 Rxd2 26. b4 Rb2 27. Rd1 h6 28. Bc5 Nd5 29. f3 Nxb4 30. Rd8+ Kh7 31. Bxb4 Rxb4 32. Rb8 Rb1+ 33. Kf2 Ba6 34. Rb6 Bxb5 35. axb5 f6 36. Kg3 Kg6 37. h4 Kf5 38. Rb7 g6 39. b6 Rb4 40. Rb8 Ke6 41. b7 Kf5 42. Kf2 h5 43. Ke3 Rb3+ 44. Kd4 Rb1 45. g3 Rd1+ 46. Kc5 Rc1+ 47. Kd6 Rd1+ 48. Ke7 Rb1 49. Kf7 Rb6 50. Kg7 g5 51. hxg5 Kxg5 52. Kh7 Kf5 53. Kh6 Rb1 54. g4+ hxg4 55. fxg4+ Kf4 56. Kg6 Kxg4 57. Kxf6 Kf4 58. Ke6 Re1+ 59. Kd5 1-0

[Event "Valera Escuela Las Palmas op 1st"]
[Site "Valera"]
[Date "2012.04.14"]
[Round "6"]
[White "Ravelo Gil, Eddy"]
[Black "Romero Barreto, Jaime Jose"]
[Result "1-0"]
[WhiteElo "2381"]
[BlackElo "2081"]
[PlyCount "77"]
[EventDate "2012.04.12"]
[EventType "swiss"]
[EventRounds "7"]
[EventCountry "VEN"]
[SourceTitle "EXT 2013"]
[Source "ChessBase"]
[SourceDate "2012.11.22"]
[SourceVersion "1"]
[SourceVersionDate "2012.11.22"]
[SourceQuality "1"]

1. d4 Nf6 2. c4 d5 3. cxd5 Qxd5 4. Nc3 Qd8 5. e4 e5 6. Nf3 exd4 7. Qxd4 Qxd4 8. Nxd4 Bb4 9. f3 c6 10. Bf4 0-0 11. 0-0-0 Nbd7 12. Bc4 Re8 13. g4 Nf8 14. a3 Bc5 15. Nce2 Ne6 16. Bg3 b5 17. Ba2 Nxd4 18. Nxd4 Bxd4 19. Rxd4 c5 20. Rd6 c4 21. Rhd1 h6 22. Bb1 Nh7 23. Kd2 Ng5 24. Ke3 Ne6 25. R1d5 a6 26. Rb6 Ra7 27. Bc2 Nc7 28. Rd2 Be6 29. h3 Rc8 30. Rc6 Kh7 31. f4 Na8 32. Rxc8 Bxc8 33. Rd8 Nb6 34. Be1 Rd7 35. Re8 Bb7 36. Bc3 f5 37. gxf5 Rf7 38. Bd4 Nc8 39. e5 1-0

[Event "Valera Escuela Las Palmas op 1st"]
[Site "Valera"]
[Date "2012.04.13"]
[Round "3"]
[White "Balza Rodriguez, Oswaldo de Jesus"]
[Black "Ravelo Gil, Eddy"]
[Result "0-1"]
[WhiteElo "2091"]
[BlackElo "2381"]
[PlyCount "112"]
[EventDate "2012.04.12"]
[EventType "swiss"]
[EventRounds "7"]
[EventCountry "VEN"]
[SourceTitle "EXT 2013"]
[Source "ChessBase"]
[SourceDate "2012.11.22"]
[SourceVersion "1"]
[SourceVersionDate "2012.11.22"]
[SourceQuality "1"]

1. d4 Nf6 2. Nf3 d6 3. c4 Nbd7 4. Nc3 e5 5. e4 g6 6. Be2 Bg7 7. 0-0 0-0 8. Re1 c6 9. Bf1 Qe7 10. b4 a5 11. b5 Nh5 12. Bg5 f6 13. Be3 Re8 14. Qd2 Bf8 15. bxc6 bxc6 16. c5 dxc5 17. d5 Nb8 18. Na4 Kh8 19. Bxc5 Qf7 20. Bxf8 Rxf8 21. Nb6 Ra7 22. Nxc8 Rxc8 23. Rec1 Rd8 24. Rab1 cxd5 25. exd5 Nd7 26. Rb5 a4 27. Qb4 Nf4 28. Qe4 Nf8 29. Bc4 Qc7 30. g3 Nh5 31. Rbb1 Qd6 32. Qe3 Rc7 33. Nd2 Rdc8 34. Ne4 Qd8 35. Be2 Rxc1+ 36. Rxc1 Rxc1+ 37. Qxc1 Qxd5 38. Qc5 Qxc5 39. Nxc5 a3 40. Bxh5 gxh5 41. Kf1 Ng6 42. Ke2 f5 43. Kd2 e4 44. Kc3 Ne5 45. Kb3 h4 46. Kxa3 h3 47. Kb3 Ng4 48. a4 Nxh2 49. a5 Nf3 50. a6 h2 51. a7 h1Q 52. a8Q+ Kg7 53. Qb7+ Kg6 54. Qc6+ Kg5 55. Nxe4+ Kg4 56. Nc3 Nd4+ 0-1

[Event "Barquisimeto IRT op"]
[Site "Barquisimeto"]
[Date "2012.04.05"]
[Round "3"]
[White "Castro, Jose Luis"]
[Black "Ravelo Gil, Eddy"]
[Result "0-1"]
[WhiteElo "2201"]
[BlackElo "2381"]
[PlyCount "62"]
[EventDate "2012.04.04"]
[EventType "swiss"]
[EventRounds "9"]
[EventCountry "VEN"]
[SourceTitle "CBM 147 Extra"]
[Source "ChessBase"]
[SourceDate "2012.04.24"]
[SourceVersion "1"]
[SourceVersionDate "2012.04.24"]
[SourceQuality "1"]

1. e4 e5 2. Nf3 Nc6 3. Bb5 f5 4. d3 fxe4 5. dxe4 Nf6 6. 0-0 Bd6 7. Bg5 0-0 8. Bc4+ Kh8 9. Nh4 Be7 10. Nc3 d6 11. f4 exf4 12. Rxf4 Ne5 13. Bb3 h6 14. Bxf6 Bxf6 15. Qh5 Kh7 16. Nd5 g6 17. Nxg6 Nxg6 18. Nxf6+ Rxf6 19. Rxf6 Qxf6 20. Qd5 Bg4 21. Rf1 Nf4 22. Qc4 Rf8 23. Qxc7+ Qg7 24. Qxg7+ Kxg7 25. Kh1 Be6 26. g3 Bxb3 27. axb3 Nh3 28. Ra1 a6 29. Kg2 Ng5 30. Re1 Re8 31. h4 Nxe4 0-1

[Event "Barquisimeto IRT op"]
[Site "Barquisimeto"]
[Date "2012.04.04"]
[Round "1"]
[White "Melendez, Roy Daniel"]
[Black "Ravelo Gil, Eddy"]
[Result "0-1"]
[WhiteElo "2381"]
[BlackElo "2381"]
[PlyCount "88"]
[EventDate "2012.04.04"]
[EventType "swiss"]
[EventRounds "9"]
[EventCountry "VEN"]
[SourceTitle "CBM 147 Extra"]
[Source "ChessBase"]
[SourceDate "2012.04.24"]
[SourceVersion "1"]
[SourceVersionDate "2012.04.24"]
[SourceQuality "1"]

1. c4 g6 2. d4 Nf6 3. Nc3 Bg7 4. e4 d6 5. Be2 0-0 6. Nf3 Nbd7 7. Bf4 c6 8. Qd2 Qa5 9. 0-0 e5 10. dxe5 dxe5 11. Bh6 Re8 12. Bxg7 Kxg7 13. a3 Qc7 14. b4 Nf8 15. Rad1 Bg4 16. Qe3 Ne6 17. Rd2 a5 18. b5 Bxf3 19. Bxf3 Nd4 20. Rfd1 Qe7 21. Ne2 c5 22. Nc3 a4 23. h3 Qe6 24. Be2 Red8 25. g4 h6 26. Nd5 Nxd5 27. exd5 Qf6 28. Kg2 Re8 29. Bd3 b6 30. Be4 Qd6 31. g5 hxg5 32. Qxg5 f5 33. Bf3 Rh8 34. Rh1 Qf6 35. Qxf6+ Kxf6 36. h4 Rh6 37. Bd1 Rah8 38. Bxa4 Ra8 39. Bd1 Rxa3 40. Rh3 Ra1 41. Be2 Rh7 42. Rh1 Rxh1 43. Kxh1 Rxh4+ 44. Kg2 Nxe2 0-1

[Event "Barquisimeto IRT op"]
[Site "Barquisimeto"]
[Date "2012.04.04"]
[Round "2"]
[White "Ravelo Gil, Eddy"]
[Black "Brizuela Abreu, Reivis Gabriel"]
[Result "1-0"]
[WhiteElo "2381"]
[BlackElo "2089"]
[PlyCount "109"]
[EventDate "2012.04.04"]
[EventType "swiss"]
[EventRounds "9"]
[EventCountry "VEN"]
[SourceTitle "CBM 147 Extra"]
[Source "ChessBase"]
[SourceDate "2012.04.24"]
[SourceVersion "1"]
[SourceVersionDate "2012.04.24"]
[SourceQuality "1"]

1. d4 d5 2. c4 e6 3. Nc3 c5 4. cxd5 exd5 5. Nf3 Nc6 6. g3 Nf6 7. Bg2 Be7 8. 0-0 0-0 9. dxc5 Bxc5 10. b3 Ne4 11. Bb2 Nxc3 12. Bxc3 d4 13. Bb2 Bg4 14. h3 Bh5 15. Rc1 Qb6 16. Qd3 Bxf3 17. Qxf3 Rfe8 18. Qd3 Rac8 19. Bxc6 Rxc6 20. Rc4 Rd8 21. Rfc1 a5 22. Qc2 Rdc8 23. Qf5 Qc7 24. Kg2 Ba7 25. Rxc6 bxc6 26. Rc4 Rd8 27. Qe4 Qd7 28. Qxc6 Qe7 29. Qf3 h6 30. h4 Re8 31. Bxd4 Bxd4 32. Rxd4 Qxe2 33. Qxe2 Rxe2 34. a4 Rb2 35. Rd8+ Kh7 36. Rb8 Kg6 37. Rb5 Kf6 38. h5 Ke6 39. Kf3 Rc2 40. g4 Kd6 41. Ke3 Rc3+ 42. Ke4 Ke6 43. f4 Rh3 44. Rb6+ Ke7 45. Kf5 Rc3 46. Rb5 Rh3 47. g5 hxg5 48. fxg5 Rf3+ 49. Kg4 Rc3 50. h6 gxh6 51. gxh6 Rc1 52. Rh5 Rg1+ 53. Kf4 Rg8 54. Rxa5 Rh8 55. Kg5 1-0